LEADER 01151nam0-2200373li-450 001 990000268230203316 005 20180312154713.0 010 $a0-470-21639-5 035 $a0026823 035 $aUSA010026823 035 $a(ALEPH)000026823USA01 035 $a0026823 100 $a2001993091991-------y0itay0103----ba 101 0 $aeng 102 $aUS 200 1 $aStereochemistry of organic compounds$eprinciples and applications$fD. Nasipuri 210 $aNew York [etc.]$cJohn Wiley & Sons$dcopyr. 1991 215 $aXX, 527 p.$cill.$d24 cm 610 1 $acomposti organometallici 610 1 $astereochimica 676 $a541223 700 1$aNasipuri,$bD.$091571 801 $aSistema bibliotecario di Ateneo dell' Università di Salerno$gRICA 912 $a990000268230203316 951 $a541.223 NAS$b15140/CBS$c541.223$d00223812 959 $aBK 969 $aSCI 979 $c19930927 979 $c20001110$lUSA01$h1716 979 $c20020403$lUSA01$h1635 979 $aPATRY$b90$c20040406$lUSA01$h1619 979 $aRSIAV6$b90$c20090630$lUSA01$h0909 996 $aStereochemistry of organic compounds$9397014 997 $aUNISA LEADER 02794oam 2200457I 450 001 9910793197303321 005 20230814223858.0 010 $a90-04-38098-1 024 7 $a10.1163/9789004380981 035 $a(CKB)4100000005601908 035 $a(MiAaPQ)EBC5554949 035 $a(nllekb)BRILL9789004380981 035 $a(EXLCZ)994100000005601908 100 $a20181023d2018 uy 101 0 $aeng 135 $aurcnu|||||||| 181 $ctxt$2rdacontent 182 $cc$2rdamedia 183 $acr$2rdacarrier 200 14$aThe Right of Actio Popularis before International Courts and Tribunals 210 31$aLeiden,$aBoston:$cBrill | Nijhoff,$d2018. 215 $a1 online resource (xiii, 232 pages) 225 1 $aQueen Mary studies in international law ;$vVolume 31 311 $a90-04-36697-0 327 $aFront Matter -- Copyright Page -- Contents -- Acknowledgments -- Introduction -- Identifying the Elements and Operational Framework of actio popularis -- Understanding the Elements of actio popularis -- Enforcing Community Obligation -- Judicial Enforcement of Community Obligations -- Actio popularis before the ICJ -- Actio popularis: Other International Courts and Tribunals -- Actio popularis as a Question of Judicial Policy -- Conclusion. 330 $aActio Popularis before International Courts and Tribunals examines actio popularis in the context of the symbiotic relationship between procedural and substantive normativity in international law. Actio popularis is an important procedural tool devised to address the challenges posed by the relativization of substantive normativity and recognition of norms established to protect collective interests in international law. Farid Ahmadov?s analysis underlines the ineffectiveness of bipolar litigation in enforcement of collective obligations in international law and the importance of introducing new procedural mechanisms to address the challenges posed by the transition from bilateralist to multilateralist normativity. The volume highlights the subtle link between interpretation of standing rules and the ways in which judicial policy concerns inform decisions of international courts and tribunals on admissibility of actio popularis . 410 0$aQueen Mary Studies in International Law$v31. 606 $aCivil procedure (International law) 606 $aLocus standi 606 $aPopular actions 615 0$aCivil procedure (International law) 615 0$aLocus standi. 615 0$aPopular actions. 676 $a341.55 700 $aFarid Ahmadov$01513939 801 0$bNL-LeKB 801 1$bNL-LeKB 906 $aBOOK 912 $a9910793197303321 996 $aThe Right of Actio Popularis before International Courts and Tribunals$93748706 997 $aUNINA